Geografía iii : el espacio argentino : ambientes y territorios /

Guardado en:
Autor Principal: Estrella, Melisa
Otros Autores: I. Flores, Natalia, Principi, Noelia
Formato: Libro
Publicado: Buenos Aires : Maipue, 2018
Materias:
Etiquetas: Agregar Etiqueta
Sin Etiquetas, Sea el primero en etiquetar este registro!
LEADER 01396nam a22003135a 4500
001 CEM.cems014990
008 130507s2018##################000#0#####d
005 20230825162821.0
245 1 0 |a Geografía iii :  |b el espacio argentino : ambientes y territorios /  |c Melisa Estrella ; natalia Carolina Flores; noelia Principi. 
260 |a Buenos Aires :  |b Maipue,  |c 2018 
300 |a 215 p. 
505 0 |a 1.- Formación del estado y agroexportacion -- 2.- Industrialización y urbanización -- 3.- Del neoliberalismo al neodesarrollismo -- 4.- Bases naturales de Argentina -- 5.- Ambientes y recursos de Argentina -- 6.- Problemas y conflictos ambientales -- 7.- Economías regionales -- 8.- Espacios urbanos y rurales -- 9.- Condiciones de vida y desigualdades 
020 |a 9789874413932 
100 1 |a Estrella, Melisa 
700 1 |a I. Flores, Natalia 
700 1 |a Principi, Noelia 
082 0 4 |a Z330.982 
653 |a Geografia 
653 |a Argentina 
653 |a Urbanización 
653 |a Industrialización 
653 |a Ambientes 
653 |a Problemas ambientales 
653 |a Economías regionales 
653 |a Espacios urbanos 
653 |a Espacios rurales 
859 |a CEMS  |b BIB. CEMS - 11 de abril  |h Z330.982  |i Es81  |p 27836.19  |t Ej.1 
859 |a CEMS  |b BIB. CEMS - 11 de abril  |h Z330.982  |i Es81  |p 27837.19  |t Ej.2 
859 |a CEMS  |b BIB. CEMS - 11 de abril  |h Z330.982  |i Es81  |p 27838.19  |t Ej.3